000 00777nas a2200241 4500
001 BR8402942
003 BR-BrBNA
005 20231205085929.0
007 ta
008 230509b bl.|||p| |||| 00| 00por d
040 _aBR-BrBNA
_bpor
_cBiblioteca Nacional de Agricultura
041 _a(Pt)
072 _aF00; E70
100 1 _aSelma, M.
100 1 _aLobato, L.C.
245 1 _aSituacao da producao de sementes de forrageiras em nivel de producao e comercializacao
650 _aPLANTA FORRAGEIRA
650 _aSEMENTE
650 _aMERCADO
773 0 _tInforme Agropecuario - Empresa de Pesquisa Agropecuaria de Minas Gerais (Brazil)
_xISSN 0100-3364
_g(Mar 1984), v. 10(111) p. 3-7
_wBR8402942
909 _a202311
_bLúcia
_c55
_dLúcia Elande
942 _2AGRIS
_n0
_cANA
999 _c114882
_d114882